| 000 | nam a22 7a 4500 | ||
|---|---|---|---|
| 999 |
_c30160 _d30160 |
||
| 008 | 190319b xxu||||| |||| 00| 0 eng d | ||
| 050 | _aLB 1065 .C44 2018 | ||
| 100 | _aCheburet Stephen Kaptum | ||
| 245 |
_aRelationship between self-regulated learning and student performance: _bin physics in public secondary schools/ _cCheburet .S. Kaptum. |
||
| 260 |
_aKenya: _bKaptum S Cheburet, _c2018. |
||
| 300 |
_axii, 99p, : _bill, ; _c30cm. |
||
| 650 |
_astudent performance in physics in public secondary schools _vin Nakuru East Sub-county Kenya. |
||
| 942 |
_2lcc _cT & D _hLB 1065 .C44 2018 |
||